| 000 | 00705nam a2200301Ia 4500 | ||
|---|---|---|---|
| 005 | 20260401122448.0 | ||
| 008 | 008 250103s9999 xx 000 0 eng d | ||
| 020 | _a9788125041986 | ||
| 037 | _aTB | ||
| 040 | _aEDL | ||
| 040 | _beng | ||
| 040 | _cEDL | ||
| 041 | _2eng | ||
| 041 | _aeng | ||
| 084 | _a305.89GUP | ||
| 084 | _qEDL | ||
| 100 |
_aGupta, Sanjukta Das _91233699 |
||
| 245 | 0 | _aAdivasis and the Raj : Socio-economic transition of the Hos,1820-1932 | |
| 245 | 0 | _cGupta, Sanjukta Das | |
| 260 | _aDelhi | ||
| 260 | _bOrient Blackswan | ||
| 260 | _c2011 | ||
| 300 | _a367p | ||
| 942 | _cTB | ||
| 942 | _h305.89GUP | ||
| 999 |
_c1847433 _d1847433 |
||